| 000 | 01068nam a2200229Ia 4500 | ||
|---|---|---|---|
| 001 | 15755 | ||
| 003 | GE_BSU | ||
| 008 | 181216s||||||||xx |||||||||||||| ||und|| | ||
| 040 | _cGE_BSU | ||
| 080 | _a821.353.1-31+821.353.1-32 | ||
| 100 | _aხალვაში, ფრიდონ | ||
| 245 | _aთხზულებანი 3 ტომად. ტ.3 | ||
| 245 | _bრომანი მოთრობები. მოგონებები და წერილები ჩანაწერებიდან. ამოწერილები | ||
| 245 | _cრედ.ლ.ნანიტაშვილი. მხატვ.თ.შარიფაშვილი | ||
| 260 | _aთბილისი | ||
| 260 | _bსაქართველო | ||
| 260 | _c2000 | ||
| 300 | _a614გვ.1ფ.პორტრ.20სმ. | ||
| 541 | _h20ლ. | ||
| 653 | _aრომანი მოთრობები. მოგონებები და წერილები ჩანაწერებიდან. ამოწერილები | ||
| 942 | _cBK | ||
| 999 |
_c48853 _d48853 |
||